Ménage polonais (la Belle Polonaise) (Registro nro. 171482)

Detalles MARC
000 -LEADER
campo de control de longitud fija 00758nam a2200193 i 4500
001 - NÚMERO DE CONTROL
campo de control 171482
003 - IDENTIFICADOR DE NÚMERO DE CONTROL
campo de control ES-MaACL
005 - FECHA Y HORA DE LA ÚLTIMA TRANSACCIÓN
campo de control 20230906214638.0
008 - DATOS DE LONGITUD FIJA--INFORMACIÓN GENERAL
campo de control de longitud fija 090518s1914 fr |||| | fre d
080 ## - NÚMERO DE LA CLASIFICACIÓN DECIMAL UNIVERSAL
Número de la Clasificación Decimal Universal 782.6
100 1# - ENTRADA PRINCIPAL--NOMBRE DE PERSONA
Nombre de persona Kraatz, Kurt.
9 (RLIN) 140201
245 10 - MENCIÓN DEL TÍTULO
Título Ménage polonais (la Belle Polonaise)
Resto del título : vaudeville-opérette en trois actes /
Mención de responsabilidad, etc. de Kurt Kraatz et Georges Okonkowski ; adaptation française de Claude Roland et José de Bérys ; musique de Jean Gilbert.
260 ## - PUBLICACIÓN, DISTRIBUCIÓN, ETC.
Lugar de publicación, distribución, etc. Paris :
Nombre del editor, distribuidor, etc. Max Eschig,
Fecha de publicación, distribución, etc. 1914.
300 ## - DESCRIPCIÓN FÍSICA
Extensión 204 p. ;
Dimensiones 19 cm.
650 #4 - PUNTO DE ACCESO ADICIONAL DE MATERIA--TÉRMINO DE MATERIA
Término de materia o nombre geográfico como elemento de entrada Operetas-
Subdivisión de forma Libretos.
9 (RLIN) 139352
700 1# - ENTRADA AGREGADA--NOMBRE PERSONAL
Nombre de persona Okonkowski, Georges.
9 (RLIN) 140202
700 1# - ENTRADA AGREGADA--NOMBRE PERSONAL
Nombre de persona Gilbert, Jean.
9 (RLIN) 140203
852 4# - LOCALIZACIÓN
Ubicación ES-MaACL
Número de control de estantería E-12650
itemnumber R.140337
Nota libre . - Biblioteca Jacinto Martínez Lacalle
Existencias
Estatus retirado Estado de pérdida Estado de daño No para préstamo Biblioteca de origen Biblioteca actual Ubicación en estantería Fecha de adquisición Fuente de adquisición Total de préstamos Signatura topográfica completa Código de barras Visto por última vez Precio de reemplazo Tipo de ítem Koha
        Biblioteca del Ateneo de Madrid Biblioteca del Ateneo de Madrid Depósito 2 18/05/2009     E-12650 1179957 23/02/2023 23/02/2023 Libro impreso